000
00277nam a2200133Ia 4500
008
220613s9999||||xx |||||||||||||| ||und||
100
_a
B K Siyenger
245
0
_a
Light On Yoga
250
_a
1976
260
_b
SCHOCKEN BOOKS
300
_a
544
650
_a
Yoga
942
_c
GB
999
_c
2374
_d
2374